004030000a2200133000450000100040000008200160000424500530002026000160007330000110008950000220010094200080012295201220013099900170025242104aR 420 Am35110aCompañeros en el idioma : Guia para los padres a[S.L.] ASHA a154 P. aTexto para padres cLGB 00103040708REFaBINCObBINCOd2006-03-11l0oR 420 Am351 pB30969r2016-11-24 00:00:00t1w2016-01-26yREFBB0C3 c47664d47664